000 01668nam0a2200385 4500
001 RU\NLR\bibl\1524106
005 20250616031736.0
010 _a978-5-222-17074-8
_92500
021 _aRU
_b2010-37239
_92496
035 _a(nilc)RSL-KNO-004647691
035 _a(NLR Aleph) 001515458
090 _a107140
_c107140
100 _a20100519d2010 |||y0rusy50 ca
101 0 _arus
102 _aRU
105 _ay zzzz|||||
200 1 _aСПА на дому
_eдомашний справочник
_fН.В. Гогитидзе
210 _aРостов-на-Дону
_cФеникс
_d2010
_eРостов-на-Дону
_gКнига
215 _a218, [1] с.
_d21
225 1 _aСерия "Домашняя медицинская библиотека"
300 _aНа обл. авт. не указан
320 _aБиблиогр.: с. 200
606 1 _aИндивидуальная гигиена
_jПопулярные издания
_91318342
_3RU\NLR\auth\66231397
606 1 _aСПА-терапия
_jПопулярные издания
_92516314
_3RU\NLR\auth\661491375
610 0 _aЗдравоохранение. Медицинские науки -- Общая гигиена -- Личная гигиена и гигиена быта -- Популярные издания
686 _aР120.416я9
_2rubbk
686 _aР354.4я9
686 _aР120.4я9
700 1 _4220
_7ca
_8rus
_aГогитидзе
_bН. В.
_gНино Вахтангиевна
_9243857
_3RU\NLR\AUTH\770243913
801 0 _aRU
_bРГБ
_c20100519
_grcr
801 1 _aRU
_bРГБ
_c20100519
801 2 _aRU
_bNLR
_c20100617
_grcr
942 _cBOOK
980 _aNB